Drapeaux avec du bleu - Mort subite - Statistiques

Statistiques générales
  • Ce quiz a été pris 279 fois
  • Le résultat moyen est 9 sur 21
Answers on the Grid
Answers color-coded by a green-red scale on the quiz's grid according to % correct below.
France
Afrique du Sud
Andorre
Antigua
Azerbeidjan
Bénin
Bhoutan
Brunei
Burundi
Botswana
Cap Vert
Chili
Chypre
Comores
Djibouti
Dominique
Erythrée
Ethiopie
Grenade
Guinée
Guinée équatoriale
Népal
Niger
Ouzbékistan
Pérou
Palaos
Rwanda
Soudan
Soudan du Sud
Eswatini
Tonga
Tuvalu
 
Statistiques - réponses
Réponse % Correct
France
79%
Chili
66%
Andorre
56%
Afrique du Sud
52%
Cap Vert
50%
Népal
49%
Azerbeidjan
48%
Ouzbékistan
48%
Palaos
46%
Botswana
45%
Djibouti
44%
Comores
38%
Rwanda
38%
Ethiopie
37%
Tuvalu
34%
Eswatini
33%
Antigua
30%
Erythrée
30%
Guinée équatoriale
29%
Soudan du Sud
27%
Pérou
5%
Aucun quiz correspondant
Distribution des résultats
% des personnes avec chaque résultat
Percentile par nombre de réponses
Votre historique - résultats
Vous n’avez pas pris ce quiz